000 002750000a22000970004500
100 1 _aHill, Jo
245 1 0 _aEnemy territory : How Bibles and foodballs challenge Colombia's gun and cocaine culture
300 _aNum. 24 (2003), Páginas 4-9
773 0 _tTeartimes
942 _cANA
999 _c56038
_d56038